000 00501nam a2200181Ia 4500
005 20250326124346.0
008 250326s9999 xx 000 0 und d
037 _aTextbook
040 _aFMSL
_beng
_cFMSL
041 _aeng
_2eng
084 _aX:74 K2
_qFMSL
100 _aKeith L A
_9737260
245 0 _aIntroducation to business enterprise
_cKeith L A; Gubellini C E
260 _aNY
_bNY, McGraw-Hill
_c1962
300 _a438p
942 _cTB
_hX:74 K2
999 _c1273420
_d1273420